Instituciones y economía: (Registro nro. 31145)
[ vista simple ]
| 000 -LEADER | |
|---|---|
| fixed length control field | 01952nam a22003017a 4500 |
| 003 - CONTROL NUMBER IDENTIFIER | |
| control field | OSt |
| 005 - DATE AND TIME OF LATEST TRANSACTION | |
| control field | 20260306081015.0 |
| 008 - FIXED-LENGTH DATA ELEMENTS--GENERAL INFORMATION | |
| fixed length control field | 260130b |||||||| |||| 00| 0 eng d |
| 020 ## - INTERNATIONAL STANDARD BOOK NUMBER | |
| International Standard Book Number | 9789681658687 |
| 037 ## - SOURCE OF ACQUISITION | |
| Source of stock number/acquisition | Donación |
| 040 ## - CATALOGING SOURCE | |
| Original cataloging agency | CO-JMCR |
| Language of cataloging | spa |
| Transcribing agency | CO-JMCR |
| Modifying agency | CO-JMCR |
| Description conventions | rda |
| 041 ## - LANGUAGE CODE | |
| Language code of text/sound track or separate title | spa |
| 082 0# - DEWEY DECIMAL CLASSIFICATION NUMBER | |
| Classification number | 330.15 |
| Item number | AY9i |
| 100 0# - MAIN ENTRY--PERSONAL NAME | |
| Personal name | Ayala Espino, José , |
| Dates associated with a name | 1946-2002 |
| 9 (RLIN) | 44525 |
| 245 0# - TITLE STATEMENT | |
| Title | Instituciones y economía: |
| Remainder of title | Una introducción al neoinstitucionalismo económico / |
| Statement of responsibility, etc. | José Ayala Espino : autor |
| 250 ## - EDITION STATEMENT | |
| Edition statement | Primera edición/ |
| 260 ## - PUBLICATION, DISTRIBUTION, ETC. | |
| Place of publication, distribution, etc. | México, D.F. : |
| Name of publisher, distributor, etc. | Fondo de cultura Económica , |
| Date of publication, distribution, etc. | 1999 |
| 300 ## - PHYSICAL DESCRIPTION | |
| Extent | 397 pág. |
| Other physical details | Tablas, gráficos ; |
| Dimensions | 20 cm. |
| 490 0# - SERIES STATEMENT | |
| Series statement | Textos de Economía |
| 500 ## - GENERAL NOTE | |
| General note | Contiene bibliografía e índice temático e índice de autores |
| 504 ## - BIBLIOGRAPHY, ETC. NOTE | |
| Bibliography, etc. note | Contiene referencias en cada capítulo |
| 505 0# - FORMATTED CONTENTS NOTE | |
| Formatted contents note | I. La teoría de las instituciones -- II. El intercambio -- III. Elecciones y conducta -- IV. Economía de la información -- V. Costos de transacción -- VI. Derechos de propiedad -- VII. Contrato -- VIII. Organización económica -- IX. Sistema legal: instituciones e intercambio -- X. Instituciones y desempeño económico. |
| 520 3# - SUMMARY, ETC. | |
| Summary, etc. | El libro analiza el papel de las instituciones en el funcionamiento de la economía contemporánea, en un contexto marcado por la globalización. Desde el enfoque del neoinstitucionalismo económico, examina conceptos como costos de transacción, derechos de propiedad, normas formales e informales y su influencia en los mercados, las organizaciones y el desarrollo económico. La obra presenta de manera sistemática los principales aportes teóricos del neoinstitucionalismo y los vincula con problemáticas económicas actuales, con especial atención a países en desarrollo. |
| 650 ## - SUBJECT ADDED ENTRY--TOPICAL TERM | |
| Topical term or geographic name entry element | Economía |
| 9 (RLIN) | 44560 |
| Source of heading or term | neoinstitucionalismo |
| 650 ## - SUBJECT ADDED ENTRY--TOPICAL TERM | |
| Topical term or geographic name entry element | Institucionalismo |
| 9 (RLIN) | 44526 |
| Source of heading or term | Política |
| 650 ## - SUBJECT ADDED ENTRY--TOPICAL TERM | |
| Topical term or geographic name entry element | Teoría política |
| 9 (RLIN) | 14315 |
| Source of heading or term | Estado |
| 942 ## - ADDED ENTRY ELEMENTS (KOHA) | |
| Source of classification or shelving scheme | Dewey Decimal Classification |
| Koha item type | Books |
| Withdrawn status | Lost status | Source of classification or shelving scheme | Damaged status | Not for loan | Collection code | Home library | Current library | Shelving location | Date acquired | Source of acquisition | Total Checkouts | Full call number | Barcode | Date last seen | Date last checked out | Copy number | Price effective from | Koha item type |
|---|---|---|---|---|---|---|---|---|---|---|---|---|---|---|---|---|---|---|
| Dewey Decimal Classification | Non-fiction | Biblioteca Pública José María del Castillo y Rada | Biblioteca Pública José María del Castillo y Rada | Book Cart | 01/30/2026 | Donación | 1 | 330.15 AY9i | 201812565 | 02/16/2026 | 02/16/2026 | Ej.1 | 01/30/2026 | Books |